Extracte del reglament del dipòsit legal. Normes per a l'establiment del número d'I.S.B.N. (International Standard Book Number). Recomanacions per a la impressió dels fulls de portada i portadella
Publicado:
Barcelona :
Generalitat de Catalunya, Departament de Cultura, Direcció General del Patrimoni Cultural, Servei de Biblioteques i del Patrimoni Bibliogràfic ,
1982
Descripción Física:
31 p. ; 24 cm
MARC
| LEADER | 00000nam a2200000Ia 4500 | ||
|---|---|---|---|
| 001 | 7546 | ||
| 008 | 160829s1982 xx 000 0 cat d | ||
| 080 | |a FU-4-19 | ||
| 245 | |a Extracte del reglament del dipòsit legal. Normes per a l'establiment del número d'I.S.B.N. (International Standard Book Number). Recomanacions per a la impressió dels fulls de portada i portadella | ||
| 260 | |a Barcelona : |b Generalitat de Catalunya, Departament de Cultura, Direcció General del Patrimoni Cultural, Servei de Biblioteques i del Patrimoni Bibliogràfic, |c 1982 | ||
| 300 | |a 31 p. ; |c 24 cm | ||
| 650 | |a Dipòsit legal |x Espanya |x Normes |9 24741 | ||
| 650 | |a International Standard Book Number |x Normes |9 22027 | ||
| 700 | |a Catalunya. Servei de Biblioteques i del Patrimoni Bibliogràfic |9 20489 | ||
| 901 | |a Arxiu | ||
| 942 | |n 1 | ||
| 952 | |0 0 |1 0 |4 0 |6 FU419 |7 1 |9 42008 |a Arxiu |b Arxiu |d 2016-12-01 |l 0 |o FU-4-19 |p 7546 |r 2016-12-01 00:00:00 |w 2016-12-01 |y ARXIU | ||
| 999 | |c 44455 |d 44455 | ||